| 000 | 00335nam a22001337a 4500 | ||
|---|---|---|---|
| 008 | 181121b xxu||||| |||| 00| 0 eng d | ||
| 020 | _a9780135128466 | ||
| 041 | _aeng | ||
| 080 | _a370 | ||
| 100 | _a49 | ||
| 101 | _aEDU | ||
| 245 |
_aKeys Success Building Analytical Creative And Practical Skills _cCarte.C |
||
| 942 |
_2udc _cBK |
||
| 999 |
_c52308 _d52308 |
||